000 00530nam a22001697a 4500
005 20251108164654.0
008 250721s1993 xx 000 0 ara d
082 1 4 _a616.462/إبر
100 1 _aإبراهيم، محمد صلاح الدين
245 1 0 _aالسكر :
_bأسبابه و مضاعفاته و علاجه /
264 1 _aالقاهرة :
_bمركز الأهرام للنشر،
_c1993.
300 _a163ص
490 0 _aإعرف صحتك ؛ 8
650 1 7 _aمرض السكر
942 _2ddc
_cBK
999 _c11492
_d11492